Teachers, Schools and Society (Record no. 23557)

MARC details
000 -LEADER
fixed length control field 00692nam a22002177a 4500
003 - CONTROL NUMBER IDENTIFIER
control field OSt
005 - DATE AND TIME OF LATEST TRANSACTION
control field 20260609093700.0
008 - FIXED-LENGTH DATA ELEMENTS--GENERAL INFORMATION
fixed length control field 260609b |||||||| |||| 00| 0 eng d
020 ## - INTERNATIONAL STANDARD BOOK NUMBER
International Standard Book Number 9780073378756
040 ## - CATALOGING SOURCE
Transcribing agency Chuka University Library
050 ## - LIBRARY OF CONGRESS CALL NUMBER
Classification number LB 1775.2
Item number .S2 2010
100 ## - MAIN ENTRY--PERSONAL NAME
Personal name Sadker David Miller, Karen R. Zittleman
9 (RLIN) 27705
245 ## - TITLE STATEMENT
Title Teachers, Schools and Society
250 ## - EDITION STATEMENT
Edition statement 9th Ed.
260 ## - PUBLICATION, DISTRIBUTION, ETC.
Place of publication, distribution, etc. New York
Name of publisher, distributor, etc. McGraw Hill
Date of publication, distribution, etc. 2010
300 ## - PHYSICAL DESCRIPTION
Extent xxiv, 473P in Various Pagings
Other physical details Colored Illustrations
650 ## - SUBJECT ADDED ENTRY--TOPICAL TERM
Topical term or geographic name entry element Teaching
9 (RLIN) 9404
650 ## - SUBJECT ADDED ENTRY--TOPICAL TERM
Topical term or geographic name entry element Education- Study and Teaching- United States
9 (RLIN) 27706
650 ## - SUBJECT ADDED ENTRY--TOPICAL TERM
Topical term or geographic name entry element Teachers- Training of- United States
9 (RLIN) 27707
942 ## - ADDED ENTRY ELEMENTS (KOHA)
Source of classification or shelving scheme Library of Congress Classification
Koha item type Long Loan Books
Suppress in OPAC No
Holdings
Withdrawn status Lost status Source of classification or shelving scheme Damaged status Not for loan Collection Home library Current library Shelving location Date acquired Source of acquisition Total Checkouts Full call number Barcode Date last seen Copy number Price effective from Koha item type
    Library of Congress Classification     General Collection Books Main Campus Library Main Campus Library General Stacks 09/06/2026 Donation from Books for Africa   LB 1775.2 .S2 2010 33241/2026 09/06/2026 1 09/06/2026 Long Loan Books
    Library of Congress Classification     General Collection Books Main Campus Library Main Campus Library General Stacks 09/06/2026 Donation from Books for Africa   LB 1775.2 .S2 2010 33242/2026 09/06/2026 2 09/06/2026 Long Loan Books
    Library of Congress Classification     General Collection Books Main Campus Library Main Campus Library General Stacks 09/06/2026 Donation from Books for Africa   LB 1775.2 .S2 2010 33243/2026 09/06/2026 3 09/06/2026 Long Loan Books
    Library of Congress Classification     General Collection Books Main Campus Library Main Campus Library General Stacks 09/06/2026 Donation from Books for Africa   LB 1775.2 .S2 2010 33244/2026 09/06/2026 4 09/06/2026 Long Loan Books

Powered by Koha